000 00539nam a2200181 a 4500
001 000785913
003 AM-YEHGA
005 20250617144059.0
008 110131s1962 |||||| |||||||||||||rus|c
040 _aAM-YeHGA
041 0 _arus
100 1 _aШтейн, Александр Петрович
245 1 0 _aПьесы /
_cАлександр Штейн.
260 _aМосква :
_bИскусство,
_c1962.
300 _a591 с.
650 1 4 _aРусская художественная литература
090 _c288838
999 _c287170
_d287170